000 00697nam a2200217Ia 4500
003 OSt
005 20260130155718.0
008 220926b |||||||| |||| 00| 0 eng d
020 _a185043798x
037 _cGeneral Book
040 _aRTL
_cRTL
_beng
041 _2eng
_aeng
084 _a Y:438.3, P5
_q RTL
100 _a Worley Matthew
_9371337
245 0 _aLabour inside the gate: a history of the British Labour Party between the wars.
260 _aLondon
_bI.B. Tauris
_c2005
300 _a vii, 278 p.
_b Includes bibliographical references and index
650 _a Sociology
_91113002
942 _h Y:438.3, P5
_cGB
_2CC
_n0
999 _c691548
_d691548